000 01189cam a2200373 i 4500
001 0000795
003 DO-SdBPM
005 20251103124533.0
007 ta
008 100514s 2010 mx a | |||| 000 f spa
015 _a
017 _a
_b
020 _a9786071104403
035 _a
040 _aDO-SdBPM
_bspa
_cBPMSU
_e rda
080 _a
082 4 _aA863.5
_bP473t 2010
_222
100 1 _aPescetti, Luis María,
_d1958-
_eautor
245 1 0 _aTe amo, lectura (Natacha) /
_cLuis María Pescetti ; ilustraciones Pablo Fernández.
_h
264 _aMéxico :
_bAlfaguara,
_c2010
300 _a178 páginas :
_bilustraciones ;
_c22 m
336 _atexto
_btxt
_2rdacontent
337 _asin mediación
_bn
_2rdamedia
338 _avolumen
_bnc
_2rdacarrier
490 0 _aAlfaguara infantil
500 _aIncluye datos biográficos del autor en la solapa de la cubierta
590 _aInventariado, 2025/VM
650 7 _aNovela infantil argentina
650 7 _aLibros y lectura
_vNovela infantil
650 7 _a Literatura infantil argentina
700 1 _aFernández, Pablo
_eilustraciones
910 _aVMateo V. Control de calidad. BPMSU
942 _2ddc
_cBK
999 _c11862
_d11862